Geografia portuguesa por letra-A - Statistics

General Stats
  • This quiz has been taken 12 times
  • The average score is 12 of 18
Answer Stats
Dica Resposta % Correct
Rio que nasce na Serra da Cabreira e desagua em Vila do Conde Ave
100%
Capital de distrito Aveiro
100%
Serra localizada em concelhos como Arganil, Pampilhosa da Serra e Oliveira do Hospital Açor
80%
Região autónoma portuguesa Açores
80%
Cidade algarvia fortemente marcada pelo turismo Albufeira
80%
Maior região portuguesa em área Alentejo
80%
Região mais setentrional de Portugal Continental Algarve
80%
A cidade é internacionalmente conhecida pelo Santuário de Cristo Rei aqui localizado Almada
80%
Quarta maior cidade em população Amadora
80%
Serra localizada entre os concelhos de Setúbal, Palmela e Sesimbra Arrábida
80%
A cidade tem um mosteiro classificado como Património da Humanidade pela UNESCO Alcobaça
60%
O centro histório da cidade é classificado como Património da Humanidade pela UNESCO Angra do Heroísmo
60%
Rio que desagua na Ria de Aveiro que banha a cidade de mesmo nome Águeda
40%
Rio que desagua no Rio Mondego em Porto de Raiva e nasce na Serra da Estrela Alva
40%
Ria algarvia que banha a vila de mesmo nome Alvor
40%
Rio algarvio que banha as cidades de Portimão e Silves Arade
40%
Serra localizada maioritariamente no concelho de Vila Real Alvão
20%
Rio que abastece alguns concelhos da Grande Lisboa Alviela
20%
No matching quizzes found
Score Distribution
Percent of People with Each Score
Percentile by Number Answered
Your Score History
You have not taken this quiz